000 01110nam a22002537a 4500
003 OSt
005 20250404082539.0
008 240910b ||||| |||| 00| 0 eng d
040 _c0
082 _aDPer 621.317 Ie21 December 2022 v.37 n. 12 part 1&2.
100 _aSaha, Tarak.
_eauthor.
_960588
245 _aBidirectional lcl-t resonant dc-dc converter for priority loads in undersea distribution networks /
_cTarak Saha, Anindya Chitta Bagchi, Hongjie Wang, and Regan Andrew Zane.
260 _aNew York ;
_bThe Institute of Electrical and Electronics Engineers, Inc.,
_cDecember 2022.
300 _avolume 37, pages 14874-14888,
_billustration.
500 _aIEEE Transactions on Power Electronics, v. 37 n. 12, pages 14874-14888, December 2022.
650 0 _aCurrent distribution.
_966158
650 0 _aResonant converters.
_966159
650 0 _adual active bridge (DAB).
_966160
700 _aSaha, Tarak.
_eauthor.
_960588
700 _aBagchi, Anindya Chitta.
_eauthor.
_960589
700 _aWang, Hongjie.
_eauthor.
_960590
700 _aZane, Regan Andrew.
_eauthor.
_960591
942 _2ddc
_cPER
999 _c21457
_d21457